| 000 | 00411nam a2200157Ia 4500 | ||
|---|---|---|---|
| 008 | 230524s9999 xx 000 0 und d | ||
| 082 |
_a612 _bDEV |
||
| 100 |
_aThomas M.Devlin _923872 |
||
| 245 | 0 | _aTextbook of Biochemistry with Clinical Correlations | |
| 250 | _a4TH | ||
| 260 |
_aNEW DELHI _bJohn Wiley _c1997 |
||
| 300 | _aIX;1149 | ||
| 500 | _aQuantity Number: 1 | ||
| 650 | _aBiomedical | ||
| 942 | _cBK | ||
| 999 |
_c35338 _d35338 |
||